[Event "47th GER-ch Blitz 2020"]
[Site "Magdeburg"]
[Date "2020.08.15"]
[Round "20.11"]
[White "Ehmann, Thilo"]
[Black "Svane, Rasmus"]
[Result "1/2-1/2"]
[WhiteElo "2329"]
[BlackElo "2613"]
[Annotator "TA"]
[PlyCount "99"]
[EventDate "2020.07.28"]
[EventType "tourn"]
[EventCountry "GER"]
[SourceTitle "playchess.com"]
[Source "ChessBase"]
[SourceQuality "1"]

{[%evp 15,99,28,20,13,17,14,25,14,31,6,12,6,29,0,61,0,12,0,95,0,0,0,0,0,0,0,0,0,0,0,0,0,0,0,0,0,0,0,5,0,0,0,0,0,0,0,0,0,0,0,0,0,0,-141,-139,-376,0,0,0,0,0,0,0,0,0,0,0,0,0,0,0,0,0,0,0,0,0,0,0,0,0,0,0,0,0,0]} 1. e4 c6 2. d4 d5 3. Nc3 dxe4 4. Nxe4 Nf6 5. Nxf6+ exf6 6. c3 Bd6 7. Bd3 O-O 8. Ne2 Re8 9. O-O {B15: Caro-Kann: 3 Nc3: 3...g6 and 3...dxe4 4 Nxe4 Nf6 5 Nxf6+ exf6.} Nd7 {[%cal Bb8d7,Bd7f8,Bf8e6][%mdl 32]} 10. Bf4 Nf8 11. Qd2 $1 {[%mdl 4] White has an edge. is recently more successful than 11.Bxd6.} Ne6 12. Bg3 g6 13. Rfe1 {[#]} Kg7 $146 ({Predecessor:} 13... Ng7 14. Bc2 Bf5 15. Bb3 Be6 16. Bxd6 Qxd6 17. d5 cxd5 18. Qd4 Qe5 19. Rad1 Qxd4 20. Nxd4 {½-½ (37) Hansen,L (2272)-Kotrc,M (2245) ICCF email 2016}) 14. Nf4 Qc7 (14... Nxf4 $11 15. Bxf4 Be6) 15. Bc4 ({Better is} 15. d5 $1 $14 cxd5 16. Nxd5) 15... a5 16. Re2 Re7 (16... b5 $11 17. Bxe6 Bxe6) 17. Nxe6+ (17. Rae1 $16) 17... Bxe6 $11 18. Rae1 {[%cal Rc4e6]} Rae8 {[#] Hoping for ...Bxg3.} 19. Bxe6 Rxe6 20. Rxe6 Rxe6 21. Rxe6 fxe6 22. Qe2 Kf7 23. Bxd6 Qxd6 {[%mdl 4096] Endgame KQ-KQ} 24. h4 Qd5 25. b3 h6 26. g3 Kg7 27. Qe3 g5 28. hxg5 hxg5 29. c4 Qf5 30. Kg2 g4 31. a3 b5 32. Kh2 Kg6 33. Kg2 Kf7 34. Kh2 {[#]} (34. cxb5 $11 {remains equal.} cxb5 35. Qc3) 34... a4 $1 $17 {[%cal Ra4b3]} 35. cxb5 $2 (35. bxa4 $17 bxc4 36. Kg2) 35... cxb5 $2 (35... axb3 $19 {( -> ...b2)} 36. Qxb3 Qxf2+ {[%mdl 64] Double Attack} 37. Kh1 Qf1+ 38. Kh2 cxb5) 36. bxa4 $11 {The position is equal.} bxa4 37. Kg2 Kg7 38. Kh2 Kf7 39. Kg2 Qd5+ 40. Kg1 Qb3 41. Qc1 Kg6 42. Qc5 Qd5 {White must now prevent ...Qxc5.} 43. Qb4 Qb3 {...Qxb4 is the strong threat.} 44. Qc5 Qd3 45. Qb4 Kf5 46. Qxa4 Qb1+ 47. Kg2 Qe4+ 48. Kg1 Qe1+ 49. Kg2 {And now d5! would win.} Qe4+ 50. Kg1 {Accuracy: White = 81%, Black = 91%.} 1/2-1/2

[Event "47th GER-ch Blitz 2020"]
[Site "Magdeburg"]
[Date "2020.08.15"]
[Round "20.12"]
[White "Baskin, Robert"]
[Black "Koch, Thomas"]
[Result "1/2-1/2"]
[WhiteElo "2390"]
[BlackElo "2461"]
[Annotator "TA"]
[PlyCount "41"]
[EventDate "2020.07.28"]
[EventType "tourn"]
[EventCountry "GER"]
[SourceTitle "playchess.com"]
[Source "ChessBase"]
[SourceQuality "1"]

{[%evp 22,28,35,31,50,43,55,41,57]} 1. e4 c5 2. Nf3 d6 3. Bb5+ Bd7 4. Bxd7+ Qxd7 5. c4 Nc6 6. Nc3 g6 7. d4 cxd4 8. Nxd4 Bg7 9. Be3 Nf6 10. f3 O-O 11. O-O Rac8 12. b3 {White is slightly better.} b6 {B52: Sicilian: Moscow Variation with 3...Bd7.} 13. Qd2 Qb7 14. Rac1 Rfe8 {[#]} {Predecessor:} 15. Nde2 $146 Ne5 16. Nf4 Rcd8 17. Nfd5 Ned7 18. Bg5 Nxd5 19. Nxd5 f6 20. Bf4 Rc8 21. Rfd1 {1-0 (40) James,G (2165)-Mildenhall,J (1978) Aberystwyth 2014} 1/2-1/2

[Event "47th GER-ch Blitz 2020"]
[Site "Magdeburg"]
[Date "2020.08.15"]
[Round "20.13"]
[White "Barzen, Pascal"]
[Black "Meier, Georg"]
[Result "0-1"]
[WhiteElo "2321"]
[BlackElo "2621"]
[Annotator "TA"]
[PlyCount "118"]
[EventDate "2020.07.28"]
[EventType "tourn"]
[EventCountry "GER"]
[SourceTitle "playchess.com"]
[Source "ChessBase"]
[SourceQuality "1"]

{[%evp 10,118,18,20,34,-8,8,-11,14,0,0,-16,0,0,0,-6,0,0,52,47,51,37,66,-54,-63,-99,-88,-87,-98,-93,-93,-89,-99,-85,-85,-171,-154,-151,-138,-180,-64,-105,-66,-71,-60,-54,0,0,0,0,31,-33,-36,-177,-156,-167,-98,-175,-187,-230,-222,-247,-126,-251,-182,-270,-166,-179,-183,-252,-133,-202,-59,-228,-98,-222,-166,-257,-225,-225,-90,-333,-324,-583,-576,-680,-681,-661,-656,-811,-805,-750,-742,-1123,-431,-741,0,-1070,-692,-635,-621,-1185,-1100,-6103,-5185,-29986,-29987,-29987,-29985,-29990,-29991]} 1. e4 e6 2. d4 d5 3. e5 c5 4. c3 Ne7 5. Na3 Nec6 6. Nc2 b6 {[#] C02: French: Advance Variation.} 7. a4 $146 ({Predecessor:} 7. Nh3 Be7 8. Qg4 Rg8 9. Qh5 h6 10. Nf4 Qd7 11. h4 Ba6 12. Rh3 Bxf1 13. Kxf1 Na6 14. Rf3 {0-1 (62) Kovalenko,I (2674)-Meier,G (2628) chess24.com INT 2020}) 7... Be7 8. Nf3 Qd7 {The position is equal.} 9. Bd3 Ba6 10. O-O O-O 11. Bg5 Rc8 12. Bxe7 {Threatens to win with Bd6.} Qxe7 13. Bb5 h6 (13... Bb7 $11) 14. Nfe1 $14 cxd4 15. cxd4 Nb4 16. Nxb4 (16. f4 $14) 16... Qxb4 $15 {[%mdl 64] Double Attack} 17. Rc1 Rxc1 18. Qxc1 Qxd4 (18... Bxb5 $6 19. axb5 Nd7 20. Qc6 $14) 19. Qc7 Qc5 $1 {[%cal Rc5c7]} 20. Qd8+ Qf8 21. Qc7 Qc8 22. Qd6 (22. Qxc8+ $17 Bxc8 23. Nf3) 22... Bxb5 $19 23. axb5 Nd7 24. Nd3 {[#]} Qd8 (24... Qc4 $1 $19 25. Qxd7 Qxd3) 25. Nb4 Nf8 26. Nc6 Qxd6 27. exd6 $17 {[%mdl 4096] Endgame KRN-KRN} a5 (27... f6 $15) 28. bxa6 Rxa6 29. Rc1 Nd7 30. h4 (30. Ne7+ $14 Kh7 31. Kf1) 30... b5 $15 31. Nd4 (31. f4 $15) 31... Rxd6 $19 32. Rc8+ Nf8 ({Black should play} 32... Kh7 $19 33. Rd8 Kg6) 33. Nxb5 (33. h5 $17) 33... Rb6 34. Na7 {[#]} g5 $1 (34... Rxb2 35. h5) 35. Nc6 Kg7 ({Better is} 35... gxh4 $19 36. Ne5 Rb7) 36. Ne5 (36. Rc7 $17) 36... Rb7 ({Don't take} 36... Rxb2 37. hxg5 hxg5 38. Rc7 $19) 37. b4 (37. h5 $142) 37... f6 ({Don't play} 37... Rxb4 38. hxg5 hxg5 39. Rc7 $19) ({Resist} 37... gxh4 38. Nd3 $19) 38. Nc6 gxh4 39. Kh2 (39. f3 $142) 39... Rb6 (39... e5 $19 40. Kg1 d4) 40. Kh3 (40. f4 $17) 40... e5 ({Black should try} 40... Ng6 $19 {And now ...f5 would win.} 41. Rc7+ Kf8) 41. Kxh4 $2 (41. Rc7+ $15 Kg6 42. Ne7+ {[%mdl 64] Double Attack} Kh5 43. Nxd5) 41... Ng6+ (41... Ne6 $19 {and Black stays clearly on top. Hoping for ...d4.} 42. Kg4 Kf7) 42. Kg3 (42. Kh5 $17 Nf4+ 43. Kg4) 42... d4 43. Kf3 (43. Rc7+ $142 Kf8 44. Kf3) 43... f5 44. Ke2 h5 (44... Kf7 $19 {has better winning chances. aiming for ...Ke6.} 45. Rc7+ Ke6 46. Nd8+ Kd6) 45. f3 $2 (45. Kd3 $17) 45... h4 46. Kf2 $2 (46. Kd3 {was necessary.} Nf4+ 47. Kc4) 46... Kf6 47. Rc7 Nf4 48. Rc8 Ne6 49. Ke2 e4 50. fxe4 fxe4 51. Kd2 Rb7 (51... e3+ $142 52. Kc2 e2) 52. Ra8 (52. Rh8 $142 Rg7 53. Rh6+ Kf5 54. Rh5+ Kg4 55. Re5) 52... Rb6 53. Rc8 Kf5 54. Ne7+ Ke5 55. Rh8 e3+ 56. Kd3 Nf4+ {[%mdl 64] Double Attack} 57. Kc2 d3+ {Black mates.} 58. Kc3 d2 59. Kc2 Rd6 {Accuracy: White = 27%, Black = 49%.} 0-1

[Event "47th GER-ch Blitz 2020"]
[Site "Magdeburg"]
[Date "2020.08.15"]
[Round "20.14"]
[White "Wichmann, Cliff"]
[Black "Frischmann, Rick"]
[Result "1-0"]
[WhiteElo "2305"]
[BlackElo "2347"]
[Annotator "TA"]
[PlyCount "159"]
[EventDate "2020.07.28"]
[EventType "tourn"]
[EventCountry "GER"]
[SourceTitle "playchess.com"]
[Source "ChessBase"]
[SourceQuality "1"]

{[%evp 9,159,19,17,-29,21,0,107,100,104,105,221,218,252,245,246,234,241,233,239,248,247,256,256,244,231,239,279,276,262,172,184,179,168,175,247,211,559,379,637,560,571,572,544,535,513,502,639,594,599,168,177,172,179,174,174,172,218,211,206,182,181,164,449,434,826,820,29979,29980,29980,29978,29966,723,402,140,140,140,140,140,140,140,162,162,162,162,162,162,162,143,143,143,143,143,143,143,143,143,143,143,143,143,143,143,143,143,143,143,143,0,143,143,143,143,143,143,143,143,29971,29973,29972,29974,29978,29979,29979,29980,29981,29976,29976,29977,29977,29978,29980,29981,29985,29983,29991,29982,29987,29980,29979,29981,29982,29983,29986,29987,29987,29986,29986,29985,29987,29986,29988,29987]} 1. d4 d5 2. c4 Nc6 3. Nc3 Nf6 4. Nf3 dxc4 5. d5 Na5 6. Bg5 {D07: Queen's Gambit: Chigorin Defence.} c6 (6... h6 $5 {[%cal Rh6g5]} 7. Bf4 e6 $11) 7. e4 {[#]} (7. dxc6 $5 {[%cal Rd1d8]} Qb6 8. e4 $14) 7... b5 $146 (7... cxd5 $11 {remains equal.} 8. exd5 h6) ({Predecessor:} 7... h6 8. Bh4 cxd5 9. exd5 g5 10. Bg3 a6 11. Be2 Bg7 12. O-O O-O 13. Re1 b5 {0-1 (96) Leenhouts,K (2443)-Meissner,F (2378) Amsterdam 2019}) 8. dxc6 $16 {White is better.} Qxd1+ 9. Rxd1 a6 {[#]} (9... e6 $16) 10. e5 $1 $18 Ng4 11. Nd5 {[%cal Rd5c7]} Ra7 12. h3 f6 13. Bd2 (13. hxg4 fxg5 14. Nxg5 h6 $14) 13... Nxc6 14. hxg4 Bxg4 15. Be2 Bxf3 16. Bxf3 (16. gxf3 $6 e6 $18) 16... Nxe5 17. Be4 e6 18. Nf4 Kf7 19. Be3 Bb4+ 20. Ke2 Rc7 21. Bb6 Re7 (21... Rcc8 $142 22. a3 (22. Bxh7 g5 $16) (22. Rxh7 Rxh7 23. Bxh7 g5 $16) 22... Be7) 22. a3 (22. Rxh7 $6 Rxh7 23. Bxh7 Rd7) 22... Nd7 $2 (22... f5 {is a better chance.} 23. Bc2 Nd7 24. Rxd7 (24. axb4 Nxb6 25. Rd6 Nd7 $18) 24... Rxd7) 23. axb4 Nxb6 $2 (23... f5 24. Rd6 fxe4 25. Nxe6 {[%mdl 64] Deflection} Rxe6 26. Rxd7+ Re7) 24. Ng6 hxg6 25. Rxh8 f5 26. Bf3 g5 27. Rd6 Nd7 28. Ra8 g4 29. Ra7 $2 (29. Bc6 Ne5 30. Rxa6) 29... gxf3+ 30. gxf3 {[%mdl 4096] Endgame KRR-KRN} Nf6 31. Rdxa6 ({Much less strong is} 31. Raxa6 $6 Nd5 $14) 31... Nd5 32. Ra5 Rxa7 33. Rxa7+ {KR-KN} Kf6 34. Rb7 Nxb4 35. Rxb5 Nc6 $2 (35... Nd3 {is a better defense.} 36. b4 Nf4+ 37. Kd2 Nd5) 36. Rc5 Ne5 (36... Nd4+ $142 37. Ke3 Nc2+ 38. Kd2 Nd4 39. Rxc4 Nxf3+ 40. Ke3 Ne5) 37. f4 Nd3 38. Rxc4 Nxb2 39. Rd4 e5 40. Rd6+ (40. fxe5+ $142 Kxe5 41. Rb4 Nd1 42. Kxd1 g6 43. Ke2 g5 44. Ke3 Ke6 45. Kd4) 40... Ke7 41. fxe5 $2 (41. Rd5 $18 {and White stays clearly on top.}) 41... Nc4 $16 42. Rg6 Nxe5 43. Rxg7+ Kf6 44. Ra7 Ng6 45. Ke3 Kg5 46. Ra8 Nh4 47. Rg8+ Kf6 48. f4 Ng6 49. Ra8 Kf7 50. Ra6 Kg7 51. Ra5 Kf6 52. Kf3 Nh4+ 53. Kg3 Ng6 54. Rb5 Ke6 55. Rb6+ Kf7 56. Kf3 Kg7 57. Ke3 Kf7 58. Ra6 Kg7 $1 59. Ra1 Kf6 60. Rf1 Ke6 61. Kd4 Kd6 62. Rf3 ({Don't play} 62. Ke3 Ne7) 62... Ne7 $2 {[%mdl 8192] Now Black is done in.} (62... Ke6 $16 63. Ke3 Kf6) 63. Ra3 {White mates.} Nc6+ 64. Kc4 Ne7 {[#]} 65. Ra6+ $1 Kd7 66. Kd4 Nc6+ 67. Kc5 Ne7 68. Rd6+ Ke8 69. Kd4 Kf7 70. Ke5 Nc8 71. Rd7+ Ne7 72. Ra7 Kf8 73. Ke6 Nc6 74. Rd7 Nb4 75. Kxf5 Nc6 76. Kf6 Ke8 77. Rd1 Nd8 78. Re1+ Kf8 79. f5 Nc6 80. Ra1 {Accuracy: White = 83%, Black = 64%.} 1-0

[Event "47th GER-ch Blitz 2020"]
[Site "Magdeburg"]
[Date "2020.08.15"]
[Round "20.15"]
[White "Zelbel, Patrick"]
[Black "Dobrikov, Marco"]
[Result "0-1"]
[WhiteElo "2448"]
[BlackElo "2290"]
[Annotator "TA"]
[PlyCount "168"]
[EventDate "2020.07.28"]
[EventType "tourn"]
[EventCountry "GER"]
[SourceTitle "playchess.com"]
[Source "ChessBase"]
[SourceQuality "1"]

{[%evp 9,168,10,32,20,20,23,20,15,9,18,67,0,8,0,0,0,0,0,0,0,8,8,3,-3,0,-18,-8,-20,-21,-66,-62,-81,-34,-161,-135,-132,-125,-122,-116,-249,-182,-281,-279,-298,-225,-209,-220,-178,-118,-123,-118,-185,-115,-116,-115,-115,-115,-115,-115,-115,-101,-108,-101,-108,-107,-115,-100,-108,-100,-115,-97,-108,-108,-108,-93,-101,-83,-83,-81,-83,-60,-61,-27,-27,0,-27,-27,-50,-50,-69,-27,-27,-27,-27,-12,-27,-19,-27,-27,-27,-27,-50,-27,-27,-27,-27,-27,-27,0,-27,-27,-27,-27,-27,-27,-27,-27,-27,-27,-27,0,-8,-8,-8,-8,-8,-8,-8,-8,-8,-8,-8,-8,-8,-8,-8,-8,-8,-8,-8,-8,-8,-8,-8,-8,-8,-8,-132,-132,-132,-132,-29971,-29967,-29973,-29973,-29955,-123,-123,-123,-29986,-453]} 1. e4 c5 2. Nf3 d6 3. Nc3 Nf6 4. e5 dxe5 5. Nxe5 Nbd7 6. d4 {B50: Sicilian: 2...d6, Miscellaneous.} cxd4 7. Qxd4 e6 8. Bf4 {The position is equal.} Bc5 9. Qc4 {[#]} Be7 $146 ({Predecessor:} 9... O-O 10. Nd3 Bb6 11. O-O-O Qe7 12. Kb1 a6 13. Be2 Nd5 14. Bg3 Nxc3+ 15. Qxc3 Nf6 {1-0 (48) Chigaev,M (2588)-Zhou,L (2351) chess.com INT 2020}) 10. Rd1 ({Better is} 10. Qa4 $14) 10... O-O $11 11. Be2 Qa5 12. Qb5 Qxb5 13. Bxb5 {[%cal Re5d7]} Nxe5 14. Bxe5 a6 15. Be2 b5 16. O-O Bb7 17. Rfe1 Rac8 18. Bd3 Rfd8 19. f3 b4 $36 {[%mdl 2048] Black has some pressure.} 20. Na4 Nd5 21. Bg3 ({White should play} 21. b3 $15) 21... Bc6 $19 22. b3 Bb5 23. Be4 {Threatening Bxd5.} Nf6 24. Bb7 (24. Rxd8+ $17 {was necessary.} Rxd8 25. Bd3) 24... Rxd1 25. Rxd1 (25. Bxc8 $142 Rd2 26. Rc1) 25... Rxc2 26. Bd6 Bxd6 27. Rxd6 h5 ({Don't take} 27... Rxa2 28. Rd8+ Be8 29. Bxa6 $17) 28. Bxa6 Bxa4 (28... Bxa6 $19 29. Rxa6 Rxa2) 29. bxa4 $17 {Hoping for Rd8+.} Rxa2 $19 {[%mdl 4096] Endgame KRB-KRN} 30. Bb5 (30. Bc4 $17 Rxa4 31. Rd8+ Kh7 32. Kf2) 30... b3 ({Black should try} 30... g5 $19 {White must now prevent ...b3.} 31. Rd1 h4 32. Rd8+ Kg7) 31. Bd3 {Rd8+ would kill now.} Kf8 (31... Ra1+ {with more complications.} 32. Kf2 g5 33. Rb6 Rxa4 34. Rxb3 Kg7) 32. Rb6 b2 33. Bb1 Rxa4 34. Rxb2 g6 35. Kf2 Kg7 36. Bc2 Rc4 37. Bd3 Rc6 (37... Rd4 {is interesting.} 38. Bb5 Nd5 39. Be8 Kf6 40. g3 g5) 38. Ra2 Rd6 39. Ra3 Nd5 40. g3 Nb4 41. Be2 Nc2 42. Rc3 Rd2 43. Rd3 Rxd3 44. Bxd3 $17 {KB-KN} Nd4 45. Ke3 e5 46. f4 Kf6 47. fxe5+ (47. Ke4 $5 {[%cal Rf4e5]} exf4 48. Kxd4 fxg3 49. hxg3 $11) 47... Kxe5 48. Bc4 Nf5+ 49. Kf3 Nh6 (49... Nd6 $5 {[%cal Rd6c4]} 50. Bb3 g5 $17) 50. h4 Kf6 51. Kf4 Nf5 52. Ba6 Nd4 53. Bc4 Ne6+ 54. Kf3 Ke5 55. Ba6 f5 56. Bc8 Nd4+ 57. Ke3 Nc2+ 58. Kf3 Ne1+ 59. Kf2 Nd3+ 60. Ke3 Nb4 61. Bd7 Nd5+ 62. Kf3 Ne7 63. Be8 Kf6 64. Ke3 g5 65. hxg5+ Kxg5 66. Kf3 Nd5 67. Bd7 Nf6 68. Bc8 Ne4 {Strongly threatening ...Nc5.} 69. Bd7 Nd6 70. Be6 Ne8 71. Bc8 Nc7 72. Bd7 Nd5 73. Bc8 Ne7 74. Bd7 Ng6 75. Bc8 Ne5+ 76. Kf2 $1 Kg4 {...Nd3+ is the strong threat.} 77. Kg2 Nc4 78. Kf2 (78. Be6 $11 {keeps the balance.}) 78... Nd6 79. Be6 Ne4+ {[%mdl 64] [#] Double Attack} 80. Ke3 $2 {[%mdl 8192]} (80. Kg2 $17) 80... Nxg3 81. Kf2 h4 82. Kg2 Kg5 $2 (82... h3+ {mates} 83. Kg1 Ne2+ 84. Kh2 Nd4 85. Bc8 Nf3+ 86. Kh1 Nd2 87. Kg1 Nc4 88. Ba6 Ne3 89. Kh2 Kh4 90. Bb7 Ng4+ 91. Kg1 Kg3 92. Kf1 Nf2 93. Ke2 Ne4 94. Ke3 h2 95. Kd4 h1=Q 96. Ke5 Qh8+ 97. Kd5 Qf6 98. Kc4 Qf7+ 99. Bd5 Qc7+ 100. Kb3 Qc3+ 101. Ka4 Qd4+ {[%mdl 64] Double Attack} 102. Ka5 Qxd5+ 103. Kb4 Qb7+ 104. Kc4 Kf3 105. Kd3 Qc8 106. Kd4 Qc5+ 107. Kd3 Qc3#) 83. Kh3 Ne2 {( -> ...Nf4+)} 84. Bxf5 $2 {[%mdl 8192] [#]} (84. Bb3 $17) 84... Nf4+ {Accuracy: White = 73%, Black = 81%.} ({Inferior is} 84... Kxf5 85. Kxh4 $11) 0-1

[Event "47th GER-ch Blitz 2020"]
[Site "Magdeburg"]
[Date "2020.08.15"]
[Round "21.1"]
[White "Dobrikov, Marco"]
[Black "Donchenko, Alexander"]
[Result "0-1"]
[WhiteElo "2290"]
[BlackElo "2646"]
[Annotator "TA"]
[PlyCount "50"]
[EventDate "2020.07.28"]
[EventType "tourn"]
[EventCountry "GER"]
[SourceTitle "playchess.com"]
[Source "ChessBase"]
[SourceQuality "1"]

{[%evp 19,50,29,45,14,31,4,-2,-23,-13,-12,-10,-16,30,-154,-147,-254,-212,-226,-223,-225,-222,-181,-216,-249,-256,-406,-424,-711,-423,-594,-534,-1408,-1387]} 1. e4 Nf6 2. e5 Nd5 3. d4 d6 4. Nf3 Bg4 5. Be2 e6 6. O-O Be7 7. c4 Nb6 8. Nc3 O-O 9. h3 Bh5 10. exd6 cxd6 11. d5 {B05: Alekhine's Defence: 4 Nf3 Bg4.} e5 12. Nd2 Bg6 {[#]} 13. Nde4 $146 {The position is equal.} ({Predecessor:} 13. b3 Na6 14. Ba3 Nc5 15. Nf3 e4 16. Ne1 Bf6 17. Bb2 a5 18. a3 a4 19. b4 {1-0 (42) Vescovi,G (2511)-Ramos,J Brasilia 2000}) 13... f5 14. Ng3 N8d7 15. b3 e4 16. Nb5 $2 {[#]} ({Better is} 16. Bf4 $11) 16... f4 $36 {[%mdl 2048] White is under strong pressure.} 17. Nh1 (17. Nh5 $17 f3 18. Nf4 fxe2 19. Qxe2) 17... Bf6 18. Bxf4 Bxa1 19. Bxd6 Be5 20. Bxf8 Qxf8 21. Qd2 Qf6 {Strongly threatening ...a6.} 22. a4 (22. f4 $142 exf3 23. Rxf3) 22... a6 $19 23. Na3 (23. f4 $142 exf3 24. Rxf3) 23... Nc5 24. Qb4 (24. Qe3 $142 Nbd7 25. Nc2) 24... Nbd7 {[#] And now ...Bc3 would win.} 25. a5 Bc3 {Accuracy: White = 23%, Black = 76%.} 0-1

[Event "47th GER-ch Blitz 2020"]
[Site "Magdeburg"]
[Date "2020.08.15"]
[Round "21.2"]
[White "Frischmann, Rick"]
[Black "Zelbel, Patrick"]
[Result "0-1"]
[WhiteElo "2347"]
[BlackElo "2448"]
[Annotator "RC"]
[PlyCount "82"]
[EventDate "2020.07.28"]
[EventType "tourn"]
[EventCountry "GER"]
[SourceTitle "playchess.com"]
[Source "ChessBase"]
[SourceQuality "1"]
[TimeControl "180+2"]

1. e4 {[%emt 0:00:00]} d5 {[%emt 0:00:00]} 2. exd5 Qxd5 3. Nc3 Qa5 4. d4 Nf6 5. Bc4 {[%emt 0:00:24]} Bg4 {[%emt 0:00:00]} 6. f3 {[%emt 0:00:01]} Bf5 {[%emt 0:00:01]} 7. Nge2 {[%emt 0:00:01]} e6 {[%emt 0:00:01]} 8. O-O {[%emt 0:00:03]} Nbd7 {[%emt 0:00:14]} 9. Ng3 {[%emt 0:00:05]} Bg6 {[%emt 0:00:03]} 10. f4 {[%emt 0:00:09]} O-O-O {[%emt 0:00:10]} 11. Bb3 {[%emt 0:00:20]} h5 {[%emt 0:00:15]} 12. Qf3 {[%emt 0:00:09]} h4 {[%emt 0:00:19]} 13. Nge4 {[%emt 0:00:01]} h3 {[%emt 0:00:15]} 14. g3 {[%emt 0:00:07]} Be7 {[%emt 0:00:20]} 15. Bd2 {[%emt 0:00:07]} Qb6 {[%emt 0:00:26]} 16. Be3 {[%emt 0:00:01]} Nxe4 {[%emt 0:00:20]} 17. Nxe4 {[%emt 0:00:02]} Nf6 {[%emt 0:00:02]} 18. Nf2 {[%emt 0:00:40]} Rxd4 {[%emt 0:00:30]} 19. c3 {[%emt 0:00:10]} Rxf4 {[%emt 0:00:18]} 20. Qxf4 {[%emt 0:00:06]} Qc6 {[%emt 0:00:02]} 21. Nxh3 {[%emt 0:00:25]} Rxh3 {[%emt 0:00:01]} 22. Rad1 {[%emt 0:00:09]} a6 {[%emt 0:00:04]} 23. Ba4 {[%emt 0:00:08]} b5 {[%emt 0:00:11]} 24. Bb3 {[%emt 0:00:01]} Be4 {[%emt 0:00:07]} 25. Bd4 {[%emt 0:00:10]} Rh8 {[%emt 0:00:04]} 26. Rf2 {[%emt 0:00:02]} Bg6 {[%emt 0:00:04]} 27. Re1 {[%emt 0:00:01]} Nd5 {[%emt 0:00:03]} 28. Qd2 {[%emt 0:00:07]} Rd8 {[%emt 0:00:01]} 29. Qc1 {[%emt 0:00:13]} Nf6 {[%emt 0:00:02]} 30. a4 {[%emt 0:00:07]} Ng4 {[%emt 0:00:01]} 31. Rfe2 {[%emt 0:00:01]} bxa4 {[%emt 0:00:02]} 32. Bc2 {[%emt 0:00:02]} Bh5 {[%emt 0:00:03]} 33. Be4 {[%emt 0:00:02]} Qc4 {[%emt 0:00:02]} 34. Rg2 {[%emt 0:00:02]} Rxd4 {[%emt 0:00:02]} 35. cxd4 {[%emt 0:00:01]} Qxd4+ {[%emt 0:00:01]} 36. Kh1 {[%emt 0:00:06]} Nf2+ {[%emt 0:00:02]} 37. Rxf2 Qxf2 {[%emt 0:00:00]} 38. Qc3 {[%emt 0:00:08]} Bf6 {[%emt 0:00:04]} 39. Qa5 {[%emt 0:00:02]} Bf3+ {[%emt 0:00:02]} 40. Bxf3 Qxf3+ 41. Kg1 {[%emt 0:00:03]} Bd4+ {[%emt 0:00:00]} 0-1

[Event "47th GER-ch Blitz 2020"]
[Site "Magdeburg"]
[Date "2020.08.15"]
[Round "21.3"]
[White "Meier, Georg"]
[Black "Wichmann, Cliff"]
[Result "1/2-1/2"]
[WhiteElo "2621"]
[BlackElo "2305"]
[Annotator "TA"]
[PlyCount "33"]
[EventDate "2020.07.28"]
[EventType "tourn"]
[EventCountry "GER"]
[SourceTitle "playchess.com"]
[Source "ChessBase"]
[SourceQuality "1"]

{[%evp 12,33,16,11,22,20,22,22,23,0,36,11,12,13,17,24,50,52,44,0,-12,-50,360,354]} 1. Nf3 d5 2. g3 Nf6 3. Bg2 e6 4. O-O Be7 5. c4 O-O 6. d4 dxc4 7. Qc2 b6 {E05: Open Catalan: 5 Nf3 Be7.} 8. Bg5 Nd5 9. Bxe7 Qxe7 {The position is equal.} 10. Nbd2 Bb7 11. e4 {[%mdl 1024] White has compensation.} Nb4 12. Qc3 c5 13. a3 $36 {[%mdl 2048] [#] White has the initiative.} N4c6 $146 ({Predecessor:} 13... N4a6 14. Nxc4 Bxe4 15. Rfe1 Bb7 16. Rad1 Nc7 17. dxc5 Qxc5 18. Qd3 Nc6 19. Nd6 Ba6 {1-0 (80) Meier,G (2622)-Fedoseev,V (2714) Germany 2019}) 14. d5 ({But not} 14. Nxc4 Nxd4 15. Nxd4 cxd4 $11) 14... Na5 15. Rae1 ({Much worse is} 15. Nxc4 Nxc4 16. Qxc4 Ba6 $17) (15. Ne5 $14) 15... Nd7 $11 16. Nh4 Ne5 $2 {[%mdl 8192] [#]} (16... exd5 $15 {stays ahead.} 17. exd5 Qf6) 17. Qxe5 {[%mdl 32768] Accuracy: White = 61%, Black = 59%. . An unexpected result.} 1/2-1/2